Dr. Jesús Díaz de León (Record no. 154467)

MARC details
000 -LEADER
campo de control de longitud fija 00665nam a22001815i 4500
001 - NÚMERO DE CONTROL
campo de control 154467
003 - IDENTIFICADOR DE NÚMERO DE CONTROL
campo de control ES-MaACL
005 - FECHA Y HORA DE LA ÚLTIMA TRANSACCIÓN
campo de control 20230906205737.0
008 - DATOS DE LONGITUD FIJA--INFORMACIÓN GENERAL
campo de control de longitud fija 040708s1889 mx |||| | spa d
040 ## - FUENTE DE CATALOGACIÓN
Centro catalogador/agencia de origen CAM
Lengua de catalogación spa
Centro/agencia transcriptor CAM
100 1# - ENTRADA PRINCIPAL--NOMBRE DE PERSONA
Nombre de persona Gómez Portugal, Manuel.
9 (RLIN) 127701
245 10 - MENCIÓN DEL TÍTULO
Título Dr. Jesús Díaz de León
Resto del título : perfil biográfico /
Mención de responsabilidad, etc. por Manuel Gómez Portugal.
260 ## - PUBLICACIÓN, DISTRIBUCIÓN, ETC.
Lugar de publicación, distribución, etc. Aguascalientes :
Nombre del editor, distribuidor, etc. [s.n.],
Fecha de publicación, distribución, etc. 1889 (
Fabricante Tip. de T. Pedroza)
300 ## - DESCRIPCIÓN FÍSICA
Extensión 17 p. ;
Dimensiones 21 cm.
596 ## - NOTA AL PIE DE IMPRENTA
NOTA AL PIE DE IMPRENTA Dato de imp. consta en la cub.
600 14 - PUNTO DE ACCESO ADICIONAL DE MATERIA--NOMBRE DE PERSONA
Nombre de persona Díaz de León, Jesús.
9 (RLIN) 44239
852 ## - LOCALIZACIÓN
Ubicación ES-MaACL
Número de control de estantería T-555-F-9
Nota libre -- Enc. hol., conservando cub. original
-- -- Enc. en un vol. facticio
Holdings
Estatus retirado Estado de pérdida Estado de daño No para préstamo Colección Biblioteca de origen Biblioteca actual Ubicación en estantería Fecha de adquisición Total de préstamos Signatura topográfica completa Código de barras Visto por última vez Precio de reemplazo Tipo de ítem Koha
        Colección de folletos Biblioteca del Ateneo de Madrid Biblioteca del Ateneo de Madrid Depósito folletos 17/01/2008   T-555-F-9 1161541 23/02/2023 23/02/2023 Folleto